Central Library OPAC University of Rajshahi

Industry and labour : (Record no. 19990)

MARC details
000 -LEADER
fixed length control field 00799nam a2200265 a 4500
001 - CONTROL NUMBER
control field 19990
003 - CONTROL NUMBER IDENTIFIER
rucl marc code BD-RjUL
005 - DATE AND TIME OF LATEST TRANSACTION
control field 20211209000516.0
008 - FIXED-LENGTH DATA ELEMENTS--GENERAL INFORMATION
fixed length control field 821005s1981 ii b 001 0 eng
020 ## - INTERNATIONAL STANDARD BOOK NUMBER
International Standard Book Number 0195613503 :
035 ## - SYSTEM CONTROL NUMBER
System control number (BD-RjUL)20051
040 ## - CATALOGING SOURCE
Original cataloging agency DLC
Transcribing agency DLC
Modifying agency DLC
-- BD-RjUL
Language of cataloging eng
041 ## - LANGUAGE CODE
Language code of text/sound track or separate title eng
082 00 - DEWEY DECIMAL CLASSIFICATION NUMBER
Classification number 331.0954
Edition number 19
Author mark and year RAI
100 1# - MAIN ENTRY--PERSONAL NAME
Personal name Ramaswamy, E. A.
9 (RLIN) 9488
245 10 - TITLE STATEMENT
Title Industry and labour :
Remainder of title an introduction /
Statement of responsibility, etc. E.A. Ramaswamy and Uma Ramaswamy.
260 ## - PUBLICATION, DISTRIBUTION, ETC. (IMPRINT)
Place of publication, distribution, etc. Delhi :
Name of publisher, distributor, etc. Oxford University Press,
Date of publication, distribution, etc. 1981.
300 ## - PHYSICAL DESCRIPTION
Pagination viii, 284 p. ;
Size 23 cm.
504 ## - BIBLIOGRAPHY, ETC. NOTE
Bibliography, etc Includes bibliographical references and index.
650 #0 - SUBJECT ADDED ENTRY--TOPICAL TERM
Topical term or geographic name as entry element Industrial relations
Geographic subdivision India.
9 (RLIN) 8796
700 1# - ADDED ENTRY--PERSONAL NAME
Personal name Ramaswamy, Uma.
942 ## - ADDED ENTRY ELEMENTS (KOHA)
Source of classification or shelving scheme Dewey Decimal Classification
Koha item type Books
Holdings
Lost status Source of classification or shelving scheme Damaged status Not for loan Collection code Permanent Location Current Location Shelving location Date acquired Source of acquisition Cost, normal purchase price Total Checkouts Full call number Date last seen Copy number Koha item type
  Dewey Decimal Classification     Non-fiction Central Library, University of Rajshahi Central Library, University of Rajshahi   20/01/1985 Toppan & Tulip 35.00   331.0954 RAI 1981 26/02/2014 C-3 Books